[Event "ISR-chT 2019"]
[Site "Israel"]
[Date "2019.01.04"]
[Round "1"]
[White "Rechlis, Gad"]
[Black "Zanan, Evgeny"]
[Result "1/2-1/2"]
[WhiteElo "2526"]
[BlackElo "2528"]
[Annotator "TA"]
[PlyCount "102"]
[EventDate "2019.01.04"]
[EventType "team-tourn"]
[EventCountry "ISR"]
[SourceTitle "playchess.com"]
[Source "ChessBase"]
[SourceQuality "1"]

{[%evp 18,102,20,15,22,6,51,64,65,50,66,55,79,27,31,0,47,33,22,-8,31,40,39,22,19,0,0,0,0,0,0,0,171,30,45,-25,0,-49,-44,-44,-54,-44,-44,-161,-149,-174,-48,-52,-53,-63,-42,-35,-35,-42,-42,-50,-48,-43,-43,-40,-45,-45,-41,-50,-28,-52,-22,-35,-23,-31,-20,-14,-12,-12,-12,-8,-12,-22,0,0,0,-4,0,0,0,0,0]} 1. c4 e5 2. g3 Nf6 3. Bg2 d5 4. cxd5 Nxd5 5. Nf3 Nc6 6. O-O Nb6 7. b3 {A20: English Opening: 1...e5} Bd6 8. Bb2 O-O 9. Nc3 Qe7 10. d3 {LiveBook: 3 Games} Bg4 11. Nb5 $146 ({Predecessor:} 11. h3 Bd7 12. Nd2 Ba3 13. Bxa3 Qxa3 14. Nc4 Qe7 15. a4 Nxc4 16. bxc4 Na5 17. Rb1 {½-½ (27) Lagno,K (2554)-Tiviakov,S (2647) Germany 2011}) 11... a6 12. Nxd6 cxd6 13. Rc1 Rac8 14. Qd2 f5 15. Ba3 (15. d4 $16) 15... f4 $11 16. e3 Rcd8 17. exf4 (17. h3 $5 {[%cal Rh3g4]} Bxf3 18. Bxf3 $14) 17... exf4 18. Rce1 Qf6 19. Bb2 $36 {[%mdl 2048] White fights for an advantage.} Qh6 20. Re4 Nd5 21. h4 Qh5 22. Nh2 Bd7 23. Rfe1 fxg3 24. fxg3 Qg6 $2 {[#]} (24... h6 $11 {and Black stays safe.}) 25. g4 ({White has to play} 25. h5 $1 $18 {[%cal Rh5g6][%mdl 512]} Qxh5 26. Rh4) 25... Nf6 26. Rc4 (26. Rf4 $14) 26... Nxg4 {aiming for ...Nf2.} 27. Nxg4 Bxg4 28. Qg5 Qxg5 29. hxg5 Bf3 30. Bh3 {[#]} (30. Bf6 $1 $15) 30... Bd5 $1 $19 31. Rh4 Rde8 (31... Rf3 $19 {Strongly threatening ...Rdf8.} 32. Rf1 Rg3+ 33. Kh2 Rxd3) 32. Rxe8 $15 Rxe8 33. Kf2 Be6 34. Bg2 d5 35. Rf4 Rf8 36. Rxf8+ Kxf8 {[%mdl 4096] Endgame KBB-KBN} 37. Bf3 Kf7 38. Bh5+ g6 39. Be2 Bf5 40. Ke3 Ke6 41. a3 Nd8 42. Kf4 Nf7 43. Bg7 Nd6 44. a4 {The position is equal.} Nc8 45. Bf8 Na7 46. b4 Nc6 47. Bc5 Nd8 48. d4 Nf7 49. Bf8 Nd6 50. Bxd6 Kxd6 51. Bd1 Bd7 {Accuracy: White = 47%, Black = 37%.} 1/2-1/2

[Event "ISR-chT 2019"]
[Site "Israel"]
[Date "2019.01.04"]
[Round "1"]
[White "Rozentalis, Eduardas"]
[Black "Kogan, Arthur"]
[Result "1/2-1/2"]
[WhiteElo "2526"]
[BlackElo "2547"]
[Annotator "ChessBase"]
[PlyCount "26"]
[EventDate "2019.01.04"]
[EventType "team-tourn"]
[EventCountry "ISR"]
[SourceTitle "playchess.com"]
[Source "ChessBase"]
[SourceQuality "1"]
[TimeControl "40/5400+30:1800+30"]

1. e4 {[%emt 0:00:00]} e5 {[%emt 0:00:00]} 2. Nf3 {[%emt 0:00:00]} Nc6 {[%emt 0:00:00]} 3. Bc4 {[%emt 0:00:03]} Bc5 {[%emt 0:00:03]} 4. d3 {[%emt 0:00:54]} Nf6 {[%emt 0:00:20]} 5. c3 {[%emt 0:00:10]} d6 {[%emt 0:01:15]} 6. b4 {[%emt 0:05:08]} Bb6 {[%emt 0:00:28]} 7. a4 {[%emt 0:00:06]} a5 {[%emt 0:00:44]} 8. b5 {[%emt 0:01:19]} Ne7 {[%emt 0:00:08]} 9. h3 {[%emt 0:01:33]} h6 {[%emt 0:04:51]} 10. Bb3 {[%emt 0:12:39]} Ng6 {[%emt 0:02:04]} 11. O-O {[%emt 0:01:40]} O-O {[%emt 0:00:27]} 12. Re1 {[%emt 0:00:54]} Re8 {[%emt 0:03:41]} 13. Ra2 {[%emt 0:07:59]} c6 {[%emt 0:09:28]} 1/2-1/2

[Event "ISR-chT 2019"]
[Site "Israel"]
[Date "2019.01.04"]
[Round "1"]
[White "Boruchovsky, Avital"]
[Black "Kovalenko, Igor"]
[Result "1-0"]
[WhiteElo "2525"]
[BlackElo "2663"]
[Annotator "TA"]
[PlyCount "89"]
[EventDate "2019.01.04"]
[EventType "team-tourn"]
[EventCountry "ISR"]
[SourceTitle "playchess.com"]
[Source "ChessBase"]
[SourceQuality "1"]

{[%evp 16,89,28,26,34,13,25,4,37,41,36,42,41,47,46,46,33,18,59,58,66,60,67,27,58,58,60,60,65,52,66,70,98,91,102,83,422,411,461,460,451,414,561,550,607,609,597,582,549,470,438,366,365,395,466,419,614,602,810,809,933,919,877,818,5448,29967,6345,6262,4950,2812,29985,29986,29986,29987,29983,29984]} 1. Nf3 d5 2. d4 c6 3. g3 Bg4 4. Bg2 Nd7 5. O-O e6 6. Nbd2 Bd6 {A07: Réti Opening: New York and Capablanca Systems} (6... Ngf6 7. Re1 Bd6 8. e4 dxe4 9. Nxe4 Nxe4 10. Rxe4 Bh5 11. d5 Nf6 12. Bg5 Bg6 13. Re1 cxd5 14. Bxf6 gxf6 15. Qxd5 Qb6 16. Nd2 O-O 17. Qxb7 Qxb7 18. Bxb7 {½-½ (25) Artemiev,V (2697)-Lysyj,I (2618) Moscow 2018}) 7. e4 Ne7 8. b3 O-O 9. Bb2 {LiveBook: 3 Games} h6 $146 ({Predecessor:} 9... a5 10. c4 Bh5 11. Re1 e5 12. exd5 exd4 13. Bxd4 cxd5 14. cxd5 Nxd5 {½-½ (60) Neubauer,M (2433)-Kessler,L (2242) Zwettl 2012}) 10. Qe1 a5 11. c4 Kh8 12. a3 Bh5 13. Qe3 a4 14. b4 b5 15. c5 Bc7 16. Ne5 Nf6 17. f3 Qe8 18. Rae1 Rd8 19. h3 Bg6 20. Nxg6+ fxg6 21. f4 Nh5 22. Rf3 Rd7 23. Nf1 dxe4 24. Qxe4 Nd5 25. Ne3 {[#] Hoping for Nxd5.} Ndf6 $2 {[%mdl 8192]} (25... Re7 $16 {is a better chance.}) 26. Qxc6 $18 g5 27. fxg5 hxg5 28. Nf1 Qg6 29. Qxb5 g4 30. hxg4 Qxg4 31. Qd3 e5 32. Ne3 Qg5 {and the idea ...e4 leaves Black hopeful.} 33. Qf5 Qxf5 34. Nxf5 exd4 35. Bxd4 g6 {[#]} (35... Rfd8 $142 36. b5 Rxd4 37. Nxd4 Rxd4) 36. Nd6 $1 Kg8 (36... Bxd6 37. cxd6) 37. Bh3 Rdd8 38. Re6 Bxd6 39. cxd6 Nd5 40. Rxg6+ Kh7 41. Rxf8 Rxf8 42. Rg5 Nhf6 43. Bf5+ {White mates.} Kh6 44. Rg6+ Kh5 45. d7 {Precision: White = 69%, Black = 27%.} 1-0

[Event "ISR-chT 2019"]
[Site "Israel"]
[Date "2019.01.04"]
[Round "1"]
[White "Baron, Tal"]
[Black "Manor, Ilan"]
[Result "1/2-1/2"]
[WhiteElo "2519"]
[BlackElo "2472"]
[Annotator "TA"]
[PlyCount "62"]
[EventDate "2019.01.04"]
[EventType "team-tourn"]
[EventCountry "ISR"]
[SourceTitle "playchess.com"]
[Source "ChessBase"]
[SourceQuality "1"]

{[%evp 10,62,50,50,61,55,46,15,17,16,14,22,19,0,19,0,14,13,18,16,23,-6,-6,0,-1,-7,0,-17,0,0,0,-5,-4,-12,6,2,16,0,0,0,4,2,5,0,0,0,0,0,0,0,0,-5,0,0,0]} 1. d4 d5 2. c4 e6 3. Nc3 c5 4. cxd5 exd5 5. Nf3 Nc6 6. dxc5 {LiveBook: 190 Games. D32: Tarrasch Defence: Sidelines and lines without g3} Nf6 (6... d4 7. Na4 Bxc5 8. Nxc5 Qa5+ 9. Bd2 Qxc5 10. Rc1 Qe7 11. e3 Nf6 12. Be2 O-O 13. O-O Rd8 14. Nxd4 Nxd4 15. exd4 Rxd4 {½-½ (71) Jakovenko,D (2749)-Mamedov,R (2708) Ankara 2018}) 7. Be3 Be7 8. Bd4 $146 {White is slightly better.} ({Predecessor:} 8. g3 O-O 9. Bg2 Be6 10. O-O Ng4 11. Bd4 Nxd4 12. Nxd4 Rc8 13. b4 b6 14. Nxe6 fxe6 {½-½ (58) Kiproski,B (2230)-Poleksic,D (2039) Belgrade 2016}) 8... Nxd4 9. Qxd4 O-O 10. e3 Be6 11. Rc1 Rc8 12. b4 a5 {[#] ...axb4 is the strong threat.} 13. a3 axb4 14. axb4 b6 $1 {[%cal Rb6c5]} 15. c6 Rxc6 {Threatens to win with ...Ne4!The position is equal.} 16. Bb5 Rc7 17. O-O Qd6 18. Na4 Rxc1 19. Rxc1 Qxb4 20. Qxb4 Bxb4 21. Nd4 Ne4 22. Nxb6 Nc3 23. Bc6 Rb8 24. Na4 Nxa4 25. Bxa4 Ba3 26. Rd1 Bc5 27. Nc6 Rb2 28. h3 h6 29. Rc1 Bb6 30. g4 g5 31. Bd1 d4 {Accuracy: White = 57%, Black = 63%.} 1/2-1/2

[Event "ISR-chT 2019"]
[Site "Israel"]
[Date "2019.01.04"]
[Round "1"]
[White "Bar, Roman"]
[Black "Ben Artzi, Ido"]
[Result "1-0"]
[WhiteElo "2484"]
[BlackElo "2382"]
[Annotator "RC"]
[PlyCount "87"]
[EventDate "2019.01.04"]
[EventType "team-tourn"]
[EventCountry "ISR"]
[SourceTitle "playchess.com"]
[Source "ChessBase"]
[SourceQuality "1"]
[TimeControl "40/5400+30:1800+30"]

1. e4 {[%emt 0:00:00]} e5 {[%emt 0:00:00]} 2. Nf3 {[%emt 0:00:00]} Nc6 {[%emt 0:00:00]} 3. Bb5 {[%emt 0:00:00]} a6 {[%emt 0:00:00]} 4. Ba4 {[%emt 0:00:09]} Nf6 {[%emt 0:00:00]} 5. O-O {[%emt 0:00:18]} Be7 {[%emt 0:00:06]} 6. d3 {[%emt 0:01:02]} b5 {[%emt 0:00:31]} 7. Bb3 {[%emt 0:00:07]} d6 {[%emt 0:00:05]} 8. a3 {[%emt 0:00:57]} O-O {[%emt 0:00:16]} 9. Nc3 {[%emt 0:00:11]} Bg4 {[%emt 0:00:06]} 10. Be3 {[%emt 0:00:47]} Nd4 {[%emt 0:00:05]} 11. Bxd4 {[%emt 0:00:39]} exd4 {[%emt 0:00:01]} 12. Nd5 {[%emt 0:00:24]} Nxd5 {[%emt 0:00:05]} 13. Bxd5 {[%emt 0:02:28]} Rc8 {[%emt 0:00:13]} 14. Bc6 {[%emt 0:01:14]} Bf6 {[%emt 0:04:00]} 15. a4 {[%emt 0:06:00]} Bd7 {[%emt 0:02:33]} 16. Bxd7 {[%emt 0:09:18]} Qxd7 {[%emt 0:00:02]} 17. Qd2 {[%emt 0:00:12]} bxa4 {[%emt 0:32:28]} 18. Qa5 {[%emt 0:03:16]} Qb5 {[%emt 0:10:24]} 19. Rxa4 {[%emt 0:09:03]} Qxb2 {[%emt 0:02:15]} 20. Ra2 {[%emt 0:00:51]} Qc3 {[%emt 0:01:09]} 21. Qxc3 {[%emt 0:08:03]} dxc3 {[%emt 0:00:05]} 22. Rxa6 {[%emt 0:00:21]} Ra8 {[%emt 0:03:27]} 23. Rc6 {[%emt 0:06:31]} Ra2 {[%emt 0:02:20]} 24. Rc1 {[%emt 0:00:55]} Rb8 {[%emt 0:04:35]} 25. g4 {[%emt 0:12:56]} h6 {[%emt 0:03:39]} 26. h4 {[%emt 0:02:01]} g5 {[%emt 0:06:51]} 27. hxg5 {[%emt 0:00:39]} hxg5 {[%emt 0:00:12]} 28. d4 {[%emt 0:01:00]} Re8 {[%emt 0:06:04]} 29. e5 {[%emt 0:01:47]} Bg7 {[%emt 0:02:24]} 30. exd6 {[%emt 0:08:53]} cxd6 {[%emt 0:00:06]} 31. Rxc3 {[%emt 0:01:33]} f5 {[%emt 0:03:16]} 32. gxf5 {[%emt 0:04:07]} g4 {[%emt 0:09:20]} 33. Ng5 {[%emt 0:00:36]} Bxd4 {[%emt 0:03:30]} 34. Rc4 {[%emt 0:00:49]} Bc5 {[%emt 0:02:20]} 35. Rxg4 {[%emt 0:10:41]} Re2 {[%emt 0:00:23]} 36. Rf4 {[%emt 0:04:57]} Ra3 {[%emt 0:04:33]} 37. Kf1 {[%emt 0:01:49]} Re5 {[%emt 0:00:14]} 38. Rb1 {[%emt 0:01:55]} Ra7 {[%emt 0:00:04]} 39. Rb8+ {[%emt 0:01:05]} Kg7 {[%emt 0:00:01]} 40. f6+ {[%emt 0:01:10]} Kh6 {[%emt 0:00:02]} 41. Nf3 {[%emt 0:03:26]} Ra1+ {[%emt 0:00:48]} 42. Kg2 {[%emt 0:00:10]} Re2 {[%emt 0:00:12]} 43. f7 {[%emt 0:02:58]} d5 {[%emt 0:00:11]} 44. Rh8+ {[%emt 0:00:47]} 1-0

[Event "ISR-chT 2019"]
[Site "Israel"]
[Date "2019.01.04"]
[Round "1"]
[White "Khmelniker, Ilya"]
[Black "Shvidler, Eliahu"]
[Result "1-0"]
[WhiteElo "2483"]
[BlackElo "2357"]
[Annotator "ChessBase"]
[PlyCount "63"]
[EventDate "2019.01.04"]
[EventType "team-tourn"]
[EventCountry "ISR"]
[SourceTitle "playchess.com"]
[Source "ChessBase"]
[SourceQuality "1"]
[TimeControl "40/5400+30:1800+30"]

1. c4 {[%emt 0:00:08]} c5 {[%emt 0:03:50]} 2. Nf3 {[%emt 0:00:33]} Nc6 {[%emt 0:00:42]} 3. Nc3 {[%emt 0:00:18]} g6 {[%emt 0:00:26]} 4. g3 {[%emt 0:00:12]} Bg7 {[%emt 0:00:12]} 5. Bg2 {[%emt 0:00:03]} e6 {[%emt 0:01:09]} 6. d4 {[%emt 0:03:53]} cxd4 {[%emt 0:02:21]} 7. Nb5 {[%emt 0:00:31]} d5 {[%emt 0:00:20]} 8. cxd5 {[%emt 0:00:04]} exd5 {[%emt 0:00:22]} 9. O-O {[%emt 0:00:07]} Nge7 {[%emt 0:02:29]} 10. Nbxd4 {[%emt 0:00:30]} O-O {[%emt 0:00:15]} 11. Be3 {[%emt 0:00:10]} Nf5 {[%emt 0:00:21]} 12. Nxf5 {[%emt 0:00:48]} Bxf5 {[%emt 0:00:30]} 13. Qd2 {[%emt 0:00:08]} Qf6 {[%emt 0:03:24]} 14. Rad1 {[%emt 0:09:22]} Qxb2 {[%emt 0:13:31]} 15. Qxb2 {[%emt 0:00:05]} Bxb2 {[%emt 0:00:03]} 16. Rxd5 {[%emt 0:00:34]} a6 {[%emt 0:01:24]} 17. Ng5 {[%emt 0:12:56]} Rfe8 {[%emt 0:06:54]} 18. h3 {[%emt 0:11:44]} h5 {[%emt 0:08:22]} 19. g4 {[%emt 0:11:37]} hxg4 {[%emt 0:07:15]} 20. hxg4 {[%emt 0:00:05]} Bxg4 {[%emt 0:08:53]} 21. Rb1 {[%emt 0:00:10]} Bg7 {[%emt 0:01:02]} 22. Rxb7 {[%emt 0:05:17]} Ne7 {[%emt 0:01:46]} 23. Rd2 {[%emt 0:09:30]} Rac8 {[%emt 0:03:52]} 24. Bf4 {[%emt 0:04:06]} Bc3 {[%emt 0:21:50]} 25. Ne4 {[%emt 0:16:52]} Bf5 {[%emt 0:04:14]} 26. Nxc3 {[%emt 0:02:52]} Rxc3 {[%emt 0:00:08]} 27. Be5 {[%emt 0:05:43]} Rc1+ {[%emt 0:01:06]} 28. Kh2 {[%emt 0:00:03]} Nc6 {[%emt 0:00:54]} 29. Bf6 {[%emt 0:02:15]} Ne5 {[%emt 0:00:20]} 30. f3 {[%emt 0:01:21]} Rc4 {[%emt 0:02:33]} 31. Re7 {[%emt 0:03:33]} Rc1 {[%emt 0:05:02]} 32. Rb7 {[%emt 0:00:30]} 1-0

[Event "ISR-chT 2019"]
[Site "Israel"]
[Date "2019.01.04"]
[Round "1"]
[White "Soffer, Ram"]
[Black "Dvoirys, Semen I."]
[Result "1-0"]
[WhiteElo "2477"]
[BlackElo "2523"]
[Annotator "TA"]
[PlyCount "59"]
[EventDate "2019.01.04"]
[EventType "team-tourn"]
[EventCountry "ISR"]
[SourceTitle "playchess.com"]
[Source "ChessBase"]
[SourceQuality "1"]

{[%evp 12,59,38,35,34,37,64,69,69,76,80,77,58,55,80,0,18,7,48,13,120,108,332,313,393,381,365,450,449,439,435,432,434,416,449,440,453,448,559,580,572,558,562,547,518,507,887,868,809,793]} 1. e4 c5 2. Nf3 Nc6 3. Bb5 e6 4. Bxc6 bxc6 5. b3 Ne7 6. Bb2 {B30: Sicilian: 2...Nc6 3 Bb5, lines without ...g6} f6 7. Nh4 {LiveBook: 5 Games} Qc7 $146 ({Predecessor:} 7... e5 8. f4 d6 9. fxe5 dxe5 10. d3 Be6 11. Nd2 Bf7 12. O-O Ng6 13. Nf5 Nf4 {0-1 (37) Shirov,A (2685)-Krasenkow,M (2610) Jurmala 2016}) 8. O-O {White is slightly better.} Qf4 9. g3 Qxe4 10. Re1 Qb4 11. Qh5+ {[%mdl 1024] White has strong compensation.} Kd8 12. c4 d6 13. Bc3 ({White should play} 13. Nc3 $16) 13... Qb6 $11 14. d4 $1 $36 {[%mdl 2048] White is pushing.} Bd7 15. Nd2 {[%cal Bb1d2,Bd2e4,Be4f6][%mdl 32]} d5 (15... a5 $11 {keeps the balance.} 16. dxc5 Qxc5 17. Qxc5 dxc5) 16. dxc5 $16 Qxc5 $2 {[#]} (16... Qc7 $16 {keeps fighting.}) 17. Ne4 $1 $18 {[%cal Re4c5][%mdl 512]} Qa3 {[#]} (17... dxe4 18. Qxc5) 18. Nxf6 $1 gxf6 19. Bxf6 Rg8 20. cxd5 cxd5 {aiming for ...Bg7.} 21. Qf7 {Strongly threatening Qxg8.} Kc7 22. Rac1+ Kb7 {[#]} 23. Nf5 $1 {[%mdl 512] White is clearly winning.} Re8 {[#]} (23... exf5 24. Bxe7) 24. Be5 $1 exf5 25. Rc7+ Ka8 {Hoping for ...Qb4.} 26. Rxd7 Rc8 27. Bd4 {[%cal Re1e7]} (27. Rxe7 Qxe7 28. Qxg8 (28. Qxd5+ $2 Qb7 $19) 28... Qd7 $16) 27... Qa6 28. Kg2 ({But not} 28. Rexe7 $2 Rc1+ 29. Kg2 Qf1+ 30. Kf3 Qd1+ 31. Kf4 Qxd4+ $19) ({Weaker is} 28. Rdxe7 Bxe7 29. Qxd5+ (29. Qxe7 Qb7 $11) 29... Qb7 $14) 28... Rg6 (28... Rg4 $142) 29. Rexe7 Bxe7 30. Rxe7 {Accuracy: White = 88%, Black = 25%.} 1-0

[Event "ISR-chT 2019"]
[Site "Israel"]
[Date "2019.01.04"]
[Round "1"]
[White "Givon, Asaf"]
[Black "Sutovsky, Emil"]
[Result "1/2-1/2"]
[WhiteElo "2465"]
[BlackElo "2628"]
[Annotator "TA"]
[PlyCount "62"]
[EventDate "2019.01.04"]
[EventType "team-tourn"]
[EventCountry "ISR"]
[SourceTitle "playchess.com"]
[Source "ChessBase"]
[SourceQuality "1"]

{[%evp 13,62,23,26,0,0,0,0,0,0,0,0,-1,0,-47,-44,-48,-58,-73,0,-42,0,0,0,0,0,0,0,0,0,0,0,0,0,0,0,0,0,0,0,-17,0,0,0,0,0,0,0,0,0,0,0]} 1. e4 c5 2. Nf3 d6 3. Bb5+ Nd7 4. O-O a6 5. Bd3 Ngf6 6. c3 {B51: Sicilian: Moscow Variation (3 Bb5+) without 3...Bd7} b5 7. a4 Bb7 {LiveBook: 3 Games} 8. axb5 {White has an edge.} axb5 9. Rxa8 Qxa8 10. Bxb5 Bxe4 11. d4 (11. d3 {seems wilder.} Bc6 12. Bxc6 Qxc6 13. d4 c4 14. b3) 11... Bxb1 12. dxc5 Be4 $1 {[%cal Re4c6] White must now prevent ...Bc6.} 13. cxd6 $146 Bxf3 14. gxf3 exd6 15. Bf4 Kd8 (15... Nd5 $5 {[%cal Rd5f4]} 16. Bg3 (16. Re1+ Kd8 $15) 16... Nc7 $17) 16. c4 $1 {[%cal Bc3c4,Bc4c5][%mdl 32]} d5 17. Qd2 {The position is equal.} Bc5 18. b4 Bb6 19. c5 Bc7 20. Bxc7+ Kxc7 21. Qf4+ Kd8 $1 22. Bxd7 $1 Nxd7 23. Qd6 Kc8 24. b5 {[#] And now b6 would win.} Qb8 {aiming for ...Qxd6.} 25. Qc6+ Qc7 $1 {[%cal Rc7c6] Threatens to win with ...Qxc6.} 26. Qxd5 {Ra1 is the strong threat.} Rd8 27. Rc1 Nf6 28. Qa8+ Qb8 $1 {[%cal Rb8a8]} 29. Qc6+ Qc7 {[#] Strongly threatening ...Qxc6.} 30. Qa8+ Qb8 $1 {[%cal Rb8a8]} 31. Qc6+ Qc7 {Accuracy: White = 79%, Black = 84%.} 1/2-1/2

[Event "ISR-chT 2019"]
[Site "Israel"]
[Date "2019.01.04"]
[Round "1"]
[White "Caspi, Israel"]
[Black "Poleg, Dan"]
[Result "1-0"]
[WhiteElo "2455"]
[BlackElo "2276"]
[Annotator "ChessBase"]
[PlyCount "43"]
[EventDate "2019.01.04"]
[EventType "team-tourn"]
[EventCountry "ISR"]
[SourceTitle "playchess.com"]
[Source "ChessBase"]
[SourceQuality "1"]
[TimeControl "40/5400+30:1800+30"]

1. e4 {[%emt 0:00:00]} e5 {[%emt 0:00:00]} 2. Nf3 {[%emt 0:00:13]} Nc6 {[%emt 0:00:00]} 3. d4 {[%emt 0:00:11]} exd4 {[%emt 0:00:00]} 4. Nxd4 {[%emt 0:00:03]} Nf6 {[%emt 0:00:12]} 5. Nc3 {[%emt 0:00:07]} Bb4 {[%emt 0:00:33]} 6. Nxc6 {[%emt 0:00:06]} bxc6 {[%emt 0:00:04]} 7. Bd3 {[%emt 0:00:06]} d5 {[%emt 0:00:35]} 8. exd5 {[%emt 0:00:09]} cxd5 {[%emt 0:00:08]} 9. O-O {[%emt 0:00:06]} O-O {[%emt 0:00:10]} 10. h3 {[%emt 0:00:05]} c6 {[%emt 0:02:26]} 11. Qf3 {[%emt 0:00:20]} Bd6 {[%emt 0:00:35]} 12. Bf4 {[%emt 0:00:51]} Be6 {[%emt 0:06:37]} 13. Rad1 {[%emt 0:06:34]} Bxf4 {[%emt 0:20:54]} 14. Qxf4 {[%emt 0:00:11]} Qb8 {[%emt 0:00:04]} 15. Qf3 {[%emt 0:23:53]} Qc7 {[%emt 0:11:25]} 16. b3 {[%emt 0:02:34]} Rad8 {[%emt 0:01:01]} 17. Rfe1 {[%emt 0:01:15]} c5 {[%emt 0:05:54]} 18. Ne2 {[%emt 0:04:30]} d4 {[%emt 0:08:25]} 19. Nf4 {[%emt 0:04:55]} Bc8 {[%emt 0:01:11]} 20. Re2 {[%emt 0:24:39]} Rfe8 {[%emt 0:17:04]} 21. Rde1 {[%emt 0:00:22]} Qd7 {[%emt 0:00:54]} 22. Nh5 {[%emt 0:01:30]} 1-0

[Event "ISR-chT 2019"]
[Site "Israel"]
[Date "2019.01.04"]
[Round "1"]
[White "Finkel, Alexander"]
[Black "Flom, Gabriel"]
[Result "0-1"]
[WhiteElo "2453"]
[BlackElo "2467"]
[Annotator "ChessBase"]
[PlyCount "88"]
[EventDate "2019.01.04"]
[EventType "team-tourn"]
[EventCountry "ISR"]
[SourceTitle "playchess.com"]
[Source "ChessBase"]
[SourceQuality "1"]
[TimeControl "40/5400+30:1800+30"]

1. e4 {[%emt 0:00:00]} e6 {[%emt 0:00:00]} 2. d4 {[%emt 0:00:00]} d5 {[%emt 0:00:00]} 3. exd5 {[%emt 0:00:14]} exd5 {[%emt 0:00:00]} 4. Nf3 {[%emt 0:00:13]} Nc6 {[%emt 0:00:00]} 5. h3 {[%emt 0:01:52]} Bf5 {[%emt 0:08:09]} 6. c3 {[%emt 0:10:22]} Qd7 {[%emt 0:03:57]} 7. Bb5 {[%emt 0:06:02]} Bd6 {[%emt 0:00:29]} 8. Be3 {[%emt 0:22:46]} Nge7 {[%emt 0:01:34]} 9. Nbd2 {[%emt 0:02:46]} a6 {[%emt 0:04:57]} 10. Ba4 {[%emt 0:02:40]} f6 {[%emt 0:01:45]} 11. Qe2 {[%emt 0:04:37]} O-O {[%emt 0:14:21]} 12. Nh4 {[%emt 0:03:19]} Be6 {[%emt 0:03:36]} 13. f4 {[%emt 0:05:34]} b5 {[%emt 0:10:24]} 14. Bc2 {[%emt 0:05:41]} Nf5 {[%emt 0:00:06]} 15. Nxf5 {[%emt 0:00:24]} Bxf5 {[%emt 0:00:01]} 16. Bb3 {[%emt 0:00:12]} Be6 {[%emt 0:05:51]} 17. Qf3 {[%emt 0:03:26]} Rae8 {[%emt 0:06:18]} 18. Kf2 {[%emt 0:04:28]} Ne7 {[%emt 0:00:17]} 19. g4 {[%emt 0:00:37]} Bf7 {[%emt 0:01:46]} 20. Rag1 {[%emt 0:08:41]} Ng6 {[%emt 0:05:34]} 21. h4 {[%emt 0:01:18]} Rxe3 {[%emt 0:01:53]} 22. Qxe3 {[%emt 0:05:26]} Nxf4 {[%emt 0:00:13]} 23. Qf3 {[%emt 0:00:21]} c5 {[%emt 0:02:07]} 24. Bc2 {[%emt 0:00:20]} cxd4 {[%emt 0:01:27]} 25. cxd4 {[%emt 0:00:06]} Qc7 {[%emt 0:01:35]} 26. Bb1 {[%emt 0:00:27]} Qb6 {[%emt 0:03:36]} 27. Nb3 {[%emt 0:00:30]} a5 {[%emt 0:02:31]} 28. Rc1 {[%emt 0:02:05]} h5 {[%emt 0:03:07]} 29. Rhg1 {[%emt 0:01:53]} a4 {[%emt 0:03:12]} 30. Nc5 {[%emt 0:00:26]} Qa5 {[%emt 0:02:58]} 31. Rc3 {[%emt 0:02:12]} Qb4 {[%emt 0:00:47]} 32. Nd3 {[%emt 0:04:25]} Qxd4+ {[%emt 0:00:15]} 33. Kf1 {[%emt 0:00:03]} b4 {[%emt 0:06:32]} 34. Rc6 {[%emt 0:00:18]} Be8 {[%emt 0:04:10]} 35. Rxd6 {[%emt 0:00:23]} Bb5 {[%emt 0:00:00]} 36. Rg3 {[%emt 0:00:24]} Rc8 {[%emt 0:00:18]} 37. Qe3 {[%emt 0:01:27]} Qxb2 {[%emt 0:00:32]} 38. Kg1 {[%emt 0:01:51]} Qxb1+ {[%emt 0:01:03]} 39. Ne1 {[%emt 0:01:02]} Rc3 {[%emt 0:03:31]} 40. Qxf4 {[%emt 0:00:35]} Qxe1+ {[%emt 0:00:05]} 41. Kh2 {[%emt 0:30:13]} Rc2+ {[%emt 0:30:04]} 42. Rg2 {[%emt 0:00:13]} Qxh4+ {[%emt 0:00:18]} 43. Kg1 {[%emt 0:00:02]} Qe1+ {[%emt 0:00:00]} 44. Kh2 {[%emt 0:00:00]} Rc1 {[%emt 0:00:00]} 0-1